000 00522nam a2200217Ia 4500
003 OSt
005 20220923230856.0
006 a|||||r|||| 00| 0
007 ta
008 Pun
024 _a306,229
037 _cTextual
040 _aARTS
_cARTS
_bPun
041 _2Pun
_aPun
082 _aO153,6N29x, N9
100 _aਸੋਗ਼, ਸ.
_9159015
245 0 _aਆਦਸੀ ਅਬਰਕ ਦੇ
260 _c1999
942 _hO153,6N29x, N9
_cTEXL
_2CC
999 _c388016
_d388016